01313nam a22003497a 4500003000500000005001700005008004100022010001000063011001000073035001000083040000900093090001000102100004800112245006200160260004000222300001000262500001100272502007500283590003700358590004100395590004100436590004100477590004200518650002900560901000700589942000900596949004200605949004700647999001700694952012500711952012700836CHAP20220329141527.0971013s1991 r 00010 d a69602 a70574 a80055 cCHAP aTesis00aEspejel López, María Angélica.937811 aMultiplicación de semilla de girasol (Helianthus annus) aChapingo, Méx. :bEl autor,c1991 a46 h. a61-178 aTesis (Ing. Agr. Esp. en Zootecnia) -- UACH. Departamento de Zootecnia aALEPHb10c20130110lUCH01h1408 aBATCH-UPDb10c20130110lUCH01h2028 aBATCH-UPDb10c20130410lUCH01h1346 aBATCH-UPDb10c20130914lUCH01h1544 aCONVERSIONb10c20130109lUCH01h133814aGirasolxSemilla.948175 aBK cFOLL bBCcTESd-32951eTS1h25025i80055si bBCcTESd-97369eTS2fc.2h25027i80055si c69602d69602 00102local4053708TESISaBCbBCcPA_TESISd2019-12-31fTESISl0p-97369r2019-12-31 00:00:00tc.2w2019-12-31yTESIS 00102local4051708TESISaBCbBCcPA_TESISd2019-12-31fTESISl0oTesisp-32951r2019-12-31 00:00:00w2019-12-31yTESIS